Supplemento a "Camminiamo anche in novità di vita" (Record n. 98499)
[ formato base ]
| 000 -LEADER | |
|---|---|
| fixed length control field | 01473nam a22001817a 4500 |
| 003 - CONTROL NUMBER IDENTIFIER | |
| control field | IT-RoPau |
| 005 - DATE AND TIME OF LATEST TRANSACTION | |
| control field | 20220918181105.0 |
| 008 - FIXED-LENGTH DATA ELEMENTS--GENERAL INFORMATION | |
| fixed length control field | 130508b xxu||||| |||| 00| 0 eng d |
| 040 ## - CATALOGING SOURCE | |
| Transcribing agency | IT-RoPau |
| 100 ## - MAIN ENTRY--PERSONAL NAME | |
| Personal name | Centro di Spiritualità Paolina |
| 9 (RLIN) | 518 |
| 245 ## - TITLE STATEMENT | |
| Title | Supplemento a "Camminiamo anche in novità di vita" |
| 250 ## - EDITION STATEMENT | |
| Edition statement | 1° ed |
| 260 ## - PUBLICATION, DISTRIBUTION, ETC. (IMPRINT) | |
| Place of publication, distribution, etc. | Ariccia (Roma) |
| Name of publisher, distributor, etc. | Centro di Spiritualità Paolina - Casa Divino Maestro |
| Date of publication, distribution, etc. | 1979 |
| 300 ## - PHYSICAL DESCRIPTION | |
| Extent | 24 pp. |
| Dimensions | 33 cm |
| 490 ## - SERIES STATEMENT | |
| Series statement | "Camminiamo anche noi in novità di vita" |
| Volume/sequential designation | n° 4 - Marzo 1979 |
| 520 ## - SUMMARY, ETC. | |
| Summary, etc. | Sommario<br/><br/>Parte prima - San Paolo: Esperienza del Cristo morto e risuscitato<br/>Parte seconda - Preparazione pasquale<br/>I. (Sabato, vigilia della Settimana santa)<br/>"Mi é stata usata misericordia" (I Tim 1,13)<br/>II. (Domenica delle Palme)<br/>"Ciò che é stoltezza di Dio é più sapiente degli uomini (1 Cor 1,25)<br/>III. (Lunedì santo)<br/>"Messo a morte per i nostri peccati" (Rom 4,25)<br/>IV. (Martedì santo)<br/>"Per l'obbedienza di uno solo, tutti saranno costituiti giusti" (Rom 5,19)<br/>V. (Mercoledì santo)<br/>"Se uno é in Cristo é una creatura nuova" (2 Cor 5,17)<br/>VI. (Giovedì santo)<br/>"Questo calice é la nuova alleanza nel mio sangue" (1 Cor 11,26)<br/>VII. (Venerdì santo)<br/>"Abbiamo la redenzione mediante il suo sangue" (Efes 1,7)<br/>VIII. (Sabato santo)<br/>"Sepolti insieme nel battesimo, in lui anche insieme risuscitati" (Col 2,12)<br/>IX. (Pasqua di risurrezione)<br/>"Primogenito di coloro che risuscitano dai morti" (Colos 1,18)<br/> |
| 942 ## - ADDED ENTRY ELEMENTS (KOHA) | |
| Source of classification or shelving scheme | Dewey Decimal Classification |
| Koha item type | RIVISTA |
| Withdrawn status | Lost status | Source of classification or shelving scheme | Damaged status | Not for loan | Home library | Current library | Date acquired | Total Checkouts | Full call number | Barcode | Date last seen | Price effective from | Koha item type |
|---|---|---|---|---|---|---|---|---|---|---|---|---|---|
| Dewey Decimal Classification | Buone Condizioni | Not For Loan | PAULUS-BIBLIOTECA | PAULUS-BIBLIOTECA | 08/05/2013 | P C6 | Sp FP 13 | 08/05/2013 | 08/05/2013 | RIVISTA |